[Event "Najdorf Mem Open A 2014"]
[Site "Warsaw POL"]
[Date "2014.07.15"]
[Round "3.6"]
[White "Jakubowski, Krzysztof"]
[Black "Shimanov, Aleksandr"]
[Result "0-1"]
[WhiteTitle "GM"]
[BlackTitle "GM"]
[WhiteElo "2537"]
[BlackElo "2644"]
[WhiteFideId "1112848"]
[BlackFideId "4198603"]
[EventDate "2014.07.14"]

1. e4 c6 2. d4 d5 3. exd5 cxd5 4. Bd3 Nc6 5. c3 Qc7 6. Nd2 Nf6 7. h3 e5 8. dxe5
Nxe5 9. Bc2 Bc5 10. Nb3 Bb6 11. Ne2 O-O 12. Bf4 Re8 13. O-O Bd7 14. Nbd4 Qc8 15.
Ng3 Nc4 16. Ndf5 Qc6 17. b3 Ne5 18. Bg5 Ne4 19. Bxe4 dxe4 20. Ne7+ Rxe7 21. Bxe7
Nd3 22. Bg5 f5 23. Ne2 Qg6 24. Qd2 f4 25. Bxf4 Bxh3 26. Bg3 Bd7 27. a4 a5 28.
Nd4 Rc8 29. Ra2 Rc5 30. Bh2 Rg5 31. f4 Rh5 32. Qe3 Rc5 33. Rc2 Nb4 34. Rcc1 Nd5
35. Qd2 e3 36. Qb2 Qe4 37. Ne2 Bg4 38. c4 Nb4 39. Rc3 Rc6 40. Rd1 Rg6 41. c5 Bh3
42. Ng3 Rxg3 0-1

[Event "Najdorf Mem Open A 2014"]
[Site "Warsaw POL"]
[Date "2014.07.15"]
[Round "3.7"]
[White "Ragger, Markus"]
[Black "Debashis, Das"]
[Result "1/2-1/2"]
[WhiteTitle "GM"]
[BlackTitle "GM"]
[WhiteElo "2639"]
[BlackElo "2484"]
[WhiteFideId "1610856"]
[BlackFideId "5024854"]
[EventDate "2014.07.14"]

1. d4 Nf6 2. c4 e6 3. Nf3 d5 4. Nc3 Bb4 5. Bg5 Nbd7 6. cxd5 exd5 7. e3 c5 8.
dxc5 Qa5 9. Rc1 Bxc3+ 10. bxc3 O-O 11. Nd4 Ne4 12. Bf4 Re8 13. Be2 Qxc5 14. O-O
Nb6 15. Bd3 Nc4 16. Qh5 Bd7 17. Rfd1 g6 18. Qe2 Rac8 19. Nb3 Qc6 20. f3 Ned6 21.
Qf2 b6 22. Re1 f5 23. Nd4 Qc5 24. Qg3 Kf7 25. h4 h5 26. Kh2 Nb5 27. Nxb5 Bxb5
28. e4 dxe4 29. fxe4 Ne5 30. Bxe5 Bxd3 31. Bd4 Qc7 32. e5 Bc4 33. Qg5 Qd8 34.
Qh6 Qxh4+ 35. Kg1 Re6 36. Be3 Qe7 37. Rcd1 Kg8 38. Bg5 Qf8 39. Rd7 Qxh6 40. Bxh6
Rce8 41. Rg7+ Kh8 42. Rxa7 R6e7 43. Rxe7 Rxe7 44. Bg5 Re6 45. a3 Kg8 46. Bf6 b5
47. Rd1 Ra6 48. Rd8+ Kf7 49. Rd7+ Ke6 50. Re7+ Kd5 51. Rd7+ Ke6 52. Re7+ Kd5 53.
Rd7+ Ke6 54. Re7+ 1/2-1/2

[Event "Najdorf Mem Open A 2014"]
[Site "Warsaw POL"]
[Date "2014.07.15"]
[Round "3.8"]
[White "Tomczak, Jacek"]
[Black "Agdestein, Simen"]
[Result "1/2-1/2"]
[WhiteTitle "GM"]
[BlackTitle "GM"]
[WhiteElo "2547"]
[BlackElo "2637"]
[WhiteFideId "1124668"]
[BlackFideId "1500015"]
[EventDate "2014.07.14"]

1. e4 e6 2. d4 d5 3. Nc3 Nf6 4. e5 Nfd7 5. f4 c5 6. Nf3 Nc6 7. Be3 cxd4 8. Nxd4
Qb6 9. Be2 Bc5 10. Na4 Qa5+ 11. c3 Nxd4 12. Bxd4 Bxd4 13. Qxd4 b6 14. Bd1 Qb5
15. b4 a5 16. Nb2 axb4 17. cxb4 Ra3 18. Rc1 Qa6 19. Bb3 O-O 20. Nd3 Qa7 21. Qb2
Nb8 22. O-O Bd7 23. Rf2 Bb5 24. Ne1 Nc6 25. f5 exf5 26. Bxd5 Ne7 27. Bb3 Ra6 28.
e6 f6 29. Rxf5 Ba4 30. Rf2 Bxb3 31. Qxb3 Ra3 32. Qc4 h6 33. Rd1 Rc8 34. Qe2 Qa4
35. Rd7 Qxb4 36. Nc2 Qb1+ 37. Rd1 Qxa2 38. Nxa3 Qxa3 39. Rff1 Qc5+ 40. Kh1 Ng6
41. Qa2 Kh7 42. Qb1 Re8 43. Rfe1 b5 44. h3 b4 45. Rd2 f5 46. Rd7 Nf4 47. Qb2 Qc3
48. Qxc3 bxc3 49. e7 c2 50. Rc1 Ng6 51. Rxc2 Rxe7 52. Rxe7 Nxe7 53. Kg1 Kg6 54.
Kf2 Kf6 55. Ke3 h5 56. Ra2 h4 57. Ra6+ Kg5 58. Ra7 Kf6 59. Ra6+ Kg5 60. Kd4 Ng6
61. Ra2 Kf6 62. Ra6+ Kg5 63. Ra7 Kf6 64. Rb7 Nf4 65. Rb6+ Kg5 66. Rb2 Kf6 67.
Ra2 Ne6+ 68. Kd5 Nf4+ 1/2-1/2

[Event "Najdorf Mem Open A 2014"]
[Site "Warsaw POL"]
[Date "2014.07.15"]
[Round "3.9"]
[White "Krasenkow, Michal"]
[Black "Dragun, Kamil"]
[Result "1/2-1/2"]
[WhiteTitle "GM"]
[BlackTitle "GM"]
[WhiteElo "2623"]
[BlackElo "2518"]
[WhiteFideId "1113100"]
[BlackFideId "1134167"]
[EventDate "2014.07.14"]

1. d4 Nf6 2. Nf3 e6 3. c4 Bb4+ 4. Bd2 Qe7 5. g3 Bxd2+ 6. Qxd2 Nc6 7. Nc3 d5 8.
cxd5 exd5 9. Bg2 O-O 10. O-O Bg4 11. Rac1 Rfe8 12. Rfe1 Rad8 13. Qf4 h6 14. h4
a6 15. Nd2 Bc8 16. Nb3 Qd6 17. Qxd6 Rxd6 18. e4 dxe4 19. Nxe4 Nxe4 20. Bxe4 Kf8
21. Re3 Nxd4 22. Nxd4 1/2-1/2

[Event "Najdorf Mem Open A 2014"]
[Site "Warsaw POL"]
[Date "2014.07.15"]
[Round "3.10"]
[White "Romanishin, Oleg M"]
[Black "Socko, Bartosz"]
[Result "1/2-1/2"]
[WhiteTitle "GM"]
[BlackTitle "GM"]
[WhiteElo "2502"]
[BlackElo "2616"]
[WhiteFideId "14100088"]
[BlackFideId "1107038"]
[EventDate "2014.07.14"]

1. Nf3 Nf6 2. g3 g6 3. Bg2 Bg7 4. c4 O-O 5. d4 d6 6. O-O Nc6 7. Nc3 Bg4 8. d5
Na5 9. Qd3 c5 10. Bd2 a6 11. b3 Rb8 12. e4 b5 13. cxb5 axb5 14. Nxb5 Bxf3 15.
Bxf3 Nd7 16. Be2 Bxa1 17. Rxa1 Ra8 18. Qc3 Re8 19. Bh6 Nf6 20. g4 e5 21. Qf3
Nxe4 22. Qxe4 Nxb3 23. Rb1 Nd4 24. Nxd4 exd4 25. Qf3 f5 26. Bb5 Rb8 27. gxf5 Qf6
28. Qg4 Re5 29. a4 Rxf5 30. Re1 Qf7 31. Qg3 Qxd5 32. Rc1 Kh8 33. Bc4 Qc6 34. Bb5
Qd5 35. Bc4 Qc6 36. Bb5 1/2-1/2

[Event "Najdorf Mem Open A 2014"]
[Site "Warsaw POL"]
[Date "2014.07.15"]
[Round "3.11"]
[White "Mista, Aleksander"]
[Black "Givon, Asaf"]
[Result "1-0"]
[WhiteTitle "GM"]
[BlackTitle "IM"]
[WhiteElo "2609"]
[BlackElo "2452"]
[WhiteFideId "1110381"]
[BlackFideId "2801841"]
[EventDate "2014.07.14"]

1. e4 c5 2. Nf3 d6 3. d4 cxd4 4. Nxd4 Nf6 5. Nc3 a6 6. Be2 e6 7. f4 Qc7 8. O-O
Be7 9. Be3 O-O 10. g4 d5 11. exd5 Nxd5 12. Nxd5 exd5 13. Bf3 Rd8 14. Qd2 Nd7 15.
Rad1 Nf6 16. Qg2 b5 17. Kh1 Re8 18. g5 Ne4 19. f5 Bd6 20. g6 hxg6 21. fxg6 fxg6
22. Qxg6 Bh3 23. Bg2 Ng3+ 24. hxg3 Bxg2+ 25. Kxg2 Rxe3 26. Rd3 Rae8 27. Rh1 R3e5
28. Rf3 1-0

[Event "Najdorf Mem Open A 2014"]
[Site "Warsaw POL"]
[Date "2014.07.15"]
[Round "3.12"]
[White "Macieja, Bartlomiej"]
[Black "Kanarek, Marcel"]
[Result "1-0"]
[WhiteTitle "GM"]
[BlackTitle "IM"]
[WhiteElo "2607"]
[BlackElo "2471"]
[WhiteFideId "1104306"]
[BlackFideId "1126822"]
[EventDate "2014.07.14"]

1. d4 Nf6 2. c4 g6 3. Nc3 Bg7 4. e4 d6 5. Nf3 O-O 6. h3 e5 7. d5 a5 8. Bg5 Na6
9. Be2 Qe8 10. Nd2 Nd7 11. a3 f6 12. Be3 f5 13. f3 Qe7 14. b4 Bh6 15. Bf2 Nf6
16. c5 Nh5 17. g3 f4 18. g4 Ng3 19. Rh2 Bg5 20. Bxa6 axb4 21. axb4 Rxa6 22. Rxa6
bxa6 23. c6 h5 24. Qa4 Kf7 25. b5 axb5 26. Nxb5 Rh8 27. Bg1 hxg4 28. hxg4 Rxh2
29. Bxh2 Kf6 30. Qa8 Qh7 31. Qxc8 Qxh2 32. Qf8# 1-0

[Event "Najdorf Mem Open A 2014"]
[Site "Warsaw POL"]
[Date "2014.07.15"]
[Round "3.13"]
[White "Lei, Tingjie"]
[Black "Zhigalko, Andrey"]
[Result "0-1"]
[BlackTitle "GM"]
[WhiteElo "2450"]
[BlackElo "2585"]
[WhiteFideId "8605114"]
[BlackFideId "13502247"]
[EventDate "2014.07.14"]

1. d4 Nf6 2. c4 e6 3. g3 c5 4. d5 exd5 5. cxd5 b5 6. e4 Nxe4 7. Qe2 Qe7 8. Bg2
Nd6 9. Be3 b4 10. Bxc5 Na6 11. Bxd6 Qxe2+ 12. Nxe2 Bxd6 13. Nd2 Nc5 14. Nc4 Bf8
15. Kd2 Ba6 16. Rac1 f6 17. Rhe1 Kd8 18. Nd4 g6 19. b3 Rb8 20. Bf1 Bb7 21. Bg2
h5 22. Nb5 Bxd5 23. Ncd6 Bxd6 24. Nxd6 Nb7 25. Nxb7+ Bxb7 26. Bxb7 Rxb7 27. Re4
Re8 28. Rc8+ Kxc8 29. Rxe8+ Kc7 30. Ra8 Kd6 31. Kd3 Ke5 32. h3 d6 33. Rg8 Kf5
34. Ra8 Rc7 35. Rb8 a5 36. Ra8 Rc5 37. Ra6 Ke5 38. Ra8 Ke6 39. Re8+ Kf7 40. Ra8
g5 41. Kd2 Kg6 42. Rd8 Rd5+ 43. Ke3 Kf7 44. Rh8 Rc5 45. Kd2 g4 46. h4 Ke6 47.
Rh7 Rf5 48. Ke2 Kd5 49. Rc7 Re5+ 50. Kd3 Ke6 51. Rh7 Rf5 52. Ke2 Ke5 53. Rc7 d5
54. Rc5 Kd4 55. Rxa5 Re5+ 56. Kd2 Ke4 57. Ra6 f5 58. Ke2 d4 59. Rd6 Ra5 60. Re6+
Kd5 61. Rb6 Rxa2+ 62. Kd3 Rxf2 63. Rb5+ Kc6 64. Ra5 Kb6 65. Re5 Rf3+ 66. Kxd4
Rxb3 67. Rxf5 Rxg3 68. Rxh5 Rc3 69. Rg5 Rc8 70. Rxg4 Kb5 71. Kd3 b3 72. Rg7 Kb4
73. Rb7+ Ka3 74. h5 b2 75. h6 Rc7 76. Rb8 Ka2 77. Ra8+ Kb1 78. Ke4 Rb7 79. Kf4
Kc1 80. Rg8 Rf7+ 81. Ke5 Rf5+ 82. Ke6 Rh5 83. Rc8+ Kd2 84. Rd8+ Kc2 85. Rc8+ Kd3
86. Rd8+ Ke4 0-1

[Event "Najdorf Mem Open A 2014"]
[Site "Warsaw POL"]
[Date "2014.07.15"]
[Round "3.14"]
[White "Luch, Michal"]
[Black "Heberla, Bartlomiej"]
[Result "1/2-1/2"]
[WhiteTitle "IM"]
[BlackTitle "GM"]
[WhiteElo "2447"]
[BlackElo "2578"]
[WhiteFideId "1120042"]
[BlackFideId "1115120"]
[EventDate "2014.07.14"]

1. d4 g6 2. c4 Bg7 3. e4 d6 4. Nc3 Nf6 5. h3 O-O 6. Nf3 e5 7. dxe5 dxe5 8. Qxd8
Rxd8 9. Bg5 c6 10. Nxe5 Re8 11. O-O-O Na6 12. Nf3 Nc5 13. e5 Nfd7 14. Be3 Ne6
15. g3 1/2-1/2

[Event "Najdorf Mem Open A 2014"]
[Site "Warsaw POL"]
[Date "2014.07.15"]
[Round "3.15"]
[White "Mu, Ke"]
[Black "Markowski, Tomasz"]
[Result "0-1"]
[BlackTitle "GM"]
[WhiteElo "2409"]
[BlackElo "2572"]
[WhiteFideId "8602778"]
[BlackFideId "1105680"]
[EventDate "2014.07.14"]

1. d4 c5 2. d5 d6 3. g3 Nf6 4. Bg2 b5 5. c3 g6 6. Na3 a6 7. Nc2 Bg7 8. a4 Bb7 9.
axb5 axb5 10. Rxa8 Bxa8 11. Na3 Qa5 12. e4 O-O 13. Qb3 b4 14. Nc4 Qb5 15. Ne2
Nbd7 16. O-O Bb7 17. Re1 Ba6 18. Ne3 Ne5 19. Bd2 Rb8 20. Nf4 h5 21. cxb4 cxb4
22. Ra1 Nfd7 23. Qxb4 Qxb4 24. Bxb4 Rxb4 25. Rxa6 Rxb2 26. Ra8+ Kh7 27. Nh3 Bf6
28. Ra1 Nc5 29. Rd1 Kg7 30. Nf4 Kh7 31. h4 Ra2 32. Nf1 Ng4 33. f3 Ne5 34. Ne3
Nb3 35. Rf1 Nd4 36. Nh3 Ra3 37. Kf2 Kg8 38. Nf4 Bg7 39. Nh3 Bh6 40. f4 Nd3+ 41.
Kg1 Nxf4 42. gxf4 Rxe3 43. Rd1 Nb3 44. Kf2 Rc3 45. Bf3 Nc5 46. Kg2 Rc4 47. Re1
Nd3 48. Re3 Nxf4+ 49. Nxf4 Bxf4 50. Re2 Be5 51. Re1 Rc2+ 52. Re2 Rc3 53. Re1 Bf6
54. Rh1 Rc2+ 55. Kf1 Rc1+ 56. Ke2 Rxh1 57. Bxh1 Bxh4 0-1

[Event "Najdorf Mem Open A 2014"]
[Site "Warsaw POL"]
[Date "2014.07.15"]
[Round "3.16"]
[White "Warszawski, Bartosz"]
[Black "Bernadskiy, Vitaliy"]
[Result "0-1"]
[BlackTitle "IM"]
[WhiteElo "2247"]
[BlackElo "2550"]
[WhiteFideId "1110799"]
[BlackFideId "14100371"]
[EventDate "2014.07.14"]

1. e4 c6 2. d4 d5 3. exd5 cxd5 4. c4 Nf6 5. Nc3 g6 6. cxd5 Nxd5 7. Nf3 Bg7 8.
Bc4 Nxc3 9. bxc3 Qc7 10. Bb5+ Bd7 11. Bxd7+ Nxd7 12. Qb3 Rc8 13. O-O Nb6 14. Ba3
Qxc3 15. Rfe1 Bf6 16. Bc5 Qxb3 17. axb3 Rxc5 18. dxc5 Bxa1 19. cxb6 Bf6 20. bxa7
Kd7 21. Ne5+ Bxe5 22. Rxe5 Ra8 23. Ra5 Kc6 24. g4 b5 25. b4 Kb6 26. Ra3 Rxa7 27.
Rh3 Ra4 28. Rxh7 Rxb4 29. f3 Rf4 30. Kf2 b4 31. Ke3 e5 32. Rh8 Kc7 33. Re8 b3
34. Rxe5 Rb4 35. Rc5+ Kd6 36. Rc1 b2 37. Rb1 g5 38. Kd3 Ke5 39. Kc3 Rb8 40. Kd3
Kf4 41. Ke2 Rh8 0-1

[Event "Najdorf Mem Open A 2014"]
[Site "Warsaw POL"]
[Date "2014.07.15"]
[Round "3.17"]
[White "Rozentalis, Eduardas"]
[Black "Vydeslaver, Alik"]
[Result "1/2-1/2"]
[WhiteTitle "GM"]
[BlackTitle "IM"]
[WhiteElo "2603"]
[BlackElo "2384"]
[WhiteFideId "12800023"]
[BlackFideId "2801876"]
[EventDate "2014.07.14"]

1. e4 c5 2. Nf3 e6 3. c3 d5 4. e5 Nc6 5. d4 Bd7 6. Be2 Qb6 7. O-O Nge7 8. Na3
cxd4 9. cxd4 Nf5 10. Nc2 Be7 11. Bd3 a5 12. Bxf5 exf5 13. Nfe1 Nb4 14. Nxb4 axb4
15. Nc2 b3 16. axb3 Rxa1 17. Nxa1 O-O 18. Nc2 Qxb3 19. Ne3 Qxd1 20. Rxd1 Be6 21.
f4 g6 22. Bd2 Ra8 23. Kf2 Ra2 24. Rb1 Ra4 25. Bc3 Kf8 26. Ke2 Ke8 27. Kd3 Ra6
28. Nc2 Ra4 29. g3 h5 30. h4 Kd7 31. Bd2 Ke8 32. Ne3 Kd7 33. Rc1 Ra2 34. Kc3 Ra6
35. Nc2 Kd8 36. Kd3 Ra2 37. Rb1 Ra4 1/2-1/2

[Event "Najdorf Mem Open A 2014"]
[Site "Warsaw POL"]
[Date "2014.07.15"]
[Round "3.18"]
[White "Duda, Jan-Krzysztof"]
[Black "Schroeder, Jan-Christian"]
[Result "1/2-1/2"]
[WhiteTitle "GM"]
[BlackTitle "FM"]
[WhiteElo "2580"]
[BlackElo "2370"]
[WhiteFideId "1170546"]
[BlackFideId "24662259"]
[EventDate "2014.07.14"]

1. e4 e5 2. Nf3 Nc6 3. Bb5 a6 4. Ba4 Nf6 5. O-O Be7 6. Re1 b5 7. Bb3 O-O 8. c3
d6 9. h3 Nb8 10. d4 Nbd7 11. Nbd2 Bb7 12. Bc2 Re8 13. Nf1 Bf8 14. Ng3 g6 15. b3
Bg7 16. d5 c6 17. dxc6 Bxc6 18. Qxd6 Qb6 19. Be3 Qb7 20. Rad1 Bf8 21. Qd2 b4 22.
c4 Nc5 23. Bxc5 Bxc5 24. Qg5 Nd7 25. Nf5 f6 26. Qg3 Qc7 27. h4 Kf7 28. Ne3 Bxe3
29. Rxe3 Nc5 30. h5 Rad8 31. hxg6+ hxg6 32. Nh4 Rg8 33. Qg4 Rxd1+ 34. Qxd1 Qd7
35. Qe1 a5 36. Rh3 Rh8 37. Rh2 Ne6 38. Nf3 Rxh2 39. Nxh2 Qd4 40. Nf3 Qb2 41. Qb1
Qc3 42. Qd1 Qb2 43. Bb1 Ke7 44. Kf1 Nc5 45. Nd2 Qa1 46. Ke2 Ne6 47. Ke1 Qc3 48.
Kf1 1/2-1/2

[Event "Najdorf Mem Open A 2014"]
[Site "Warsaw POL"]
[Date "2014.07.15"]
[Round "3.19"]
[White "Barle, Janez"]
[Black "Piorun, Kacper"]
[Result "0-1"]
[WhiteTitle "IM"]
[BlackTitle "GM"]
[WhiteElo "2345"]
[BlackElo "2577"]
[WhiteFideId "14600021"]
[BlackFideId "1130420"]
[EventDate "2014.07.14"]

1. e4 c5 2. Nf3 e6 3. g3 Nc6 4. Bg2 Nf6 5. Qe2 Qc7 6. O-O d6 7. c3 Be7 8. d4
cxd4 9. cxd4 d5 10. Bf4 Qb6 11. e5 Ne4 12. Nc3 Nxc3 13. bxc3 Na5 14. h4 Bd7 15.
Rab1 Qc7 16. h5 h6 17. Nd2 Qxc3 18. Qg4 Rh7 19. Ne4 dxe4 20. Bxe4 Rh8 21. Qxg7
Rf8 22. Bxh6 Qxd4 23. Qg4 Qxe5 24. Bxf8 Kxf8 25. Qf3 Rc8 26. Rfc1 Rxc1+ 27. Rxc1
Nc6 28. Rd1 Nd4 29. Qe3 Bc5 30. Qh6+ Ke7 31. Bxb7 Ba4 32. Rb1 Bc2 33. Rf1 Bd3
34. Rd1 Be2 35. Rc1 Nb3 0-1

[Event "Najdorf Mem Open A 2014"]
[Site "Warsaw POL"]
[Date "2014.07.15"]
[Round "3.20"]
[White "Olszewski, Michal"]
[Black "Lewtak, Damian"]
[Result "1-0"]
[WhiteTitle "GM"]
[WhiteElo "2553"]
[BlackElo "2331"]
[WhiteFideId "1121251"]
[BlackFideId "1141724"]
[EventDate "2014.07.14"]

1. Nf3 Nf6 2. c4 e6 3. Nc3 c5 4. d4 cxd4 5. Nxd4 a6 6. g3 Qc7 7. Bg2 d6 8. O-O
Nbd7 9. e4 Qxc4 10. Be3 Qc7 11. Rc1 Qb8 12. f4 Be7 13. Qe2 O-O 14. g4 d5 15.
exd5 Nxd5 16. Nxd5 exd5 17. Nf5 Bd8 18. Bd4 Bb6 19. Qe3 Qa7 20. Rfd1 Bxd4 21.
Qxd4 Qxd4+ 22. Rxd4 Nb6 23. Ne7+ Kh8 24. Rb4 Nc4 25. Nxd5 b5 26. b3 Nd6 27. Nc7
Rb8 28. Rd4 Rd8 29. Rcd1 Bxg4 30. R1d2 g5 31. Rxd6 Rxd6 32. Rxd6 Rc8 33. Nxa6
Rc1+ 34. Kf2 Rc2+ 35. Kg3 gxf4+ 36. Kxg4 Rxg2+ 37. Kxf4 Rxh2 38. Nc7 Rxa2 39.
Nxb5 1-0

[Event "Najdorf Mem Open A 2014"]
[Site "Warsaw POL"]
[Date "2014.07.15"]
[Round "3.21"]
[White "Loos, Roland"]
[Black "Indjic, Aleksandar"]
[Result "0-1"]
[BlackTitle "GM"]
[WhiteElo "2335"]
[BlackElo "2542"]
[WhiteFideId "4643232"]
[BlackFideId "911925"]
[EventDate "2014.07.14"]

1. d4 Nf6 2. c4 c5 3. d5 e6 4. Nc3 exd5 5. cxd5 d6 6. e4 g6 7. h3 Bg7 8. Nf3 a6
9. a4 Nbd7 10. Bd3 Nh5 11. O-O O-O 12. Be3 Re8 13. Qc2 b6 14. Rae1 h6 15. Kh2 g5
16. g3 Qf6 17. Qd1 b5 18. axb5 axb5 19. Bxb5 Qg6 20. e5 dxe5 21. Bd3 f5 22. g4
e4 23. gxh5 Qd6+ 24. Kh1 Bb7 25. Qb3 Rab8 26. Nb5 Qb6 27. d6+ Kh8 0-1

[Event "Najdorf Mem Open A 2014"]
[Site "Warsaw POL"]
[Date "2014.07.15"]
[Round "3.22"]
[White "Stoma, Pawel"]
[Black "Popilski, Gil"]
[Result "1/2-1/2"]
[BlackTitle "GM"]
[WhiteElo "2326"]
[BlackElo "2500"]
[WhiteFideId "1113569"]
[BlackFideId "2809060"]
[EventDate "2014.07.14"]

1. c4 Nf6 2. Nc3 e5 3. e3 Bb4 4. Nge2 c6 5. a3 Be7 6. d4 d6 7. Ng3 O-O 8. Bd3
Re8 9. O-O Nbd7 10. b4 Nf8 11. Bb2 Ng6 12. Nce4 exd4 13. Bxd4 Ne5 14. Be2 Nxe4
15. Nxe4 Nxc4 16. Bxc4 d5 17. Bd3 dxe4 18. Bxe4 Bd6 19. Bf3 Bf5 20. Qb3 Qc7 21.
g3 Be5 22. Rfd1 Rad8 23. Qc3 h6 24. Bxe5 1/2-1/2

[Event "Najdorf Mem Open A 2014"]
[Site "Warsaw POL"]
[Date "2014.07.15"]
[Round "3.23"]
[White "Raznikov, Danny"]
[Black "Przybylski, Wojciech"]
[Result "1-0"]
[WhiteTitle "IM"]
[BlackTitle "FM"]
[WhiteElo "2500"]
[BlackElo "2313"]
[WhiteFideId "2811154"]
[BlackFideId "1117599"]
[EventDate "2014.07.14"]

1. d4 d5 2. c4 c6 3. Nf3 Nf6 4. e3 e6 5. Bd3 Nbd7 6. b3 Bd6 7. Bb2 O-O 8. O-O b6
9. Nbd2 Bb7 10. Ne5 c5 11. cxd5 exd5 12. f4 cxd4 13. exd4 Ne4 14. Nxe4 dxe4 15.
Bc4 Qe7 16. Qe2 Rad8 17. Rac1 Nf6 18. f5 Bb8 19. h3 Nd5 20. Bxd5 Rxd5 21. f6
gxf6 22. Ng4 f5 23. Rxf5 Rxf5 24. Nh6+ Kh8 25. Nxf5 Qd7 26. d5+ f6 27. Qg4 Qf7
28. Rf1 h5 29. Qg5 Be5 30. Bxe5 fxe5 31. Ne3 Qg7 32. Rxf8+ Qxf8 33. Qxh5+ Kg8
34. Qxe5 Qc5 35. Qxe4 Kf8 36. Qf4+ Ke8 37. Kh2 a5 38. h4 Kd8 39. h5 1-0

[Event "Najdorf Mem Open A 2014"]
[Site "Warsaw POL"]
[Date "2014.07.15"]
[Round "3.24"]
[White "Nowicki, Bartosz"]
[Black "Matuszewski, Michal"]
[Result "0-1"]
[BlackTitle "IM"]
[WhiteElo "2256"]
[BlackElo "2416"]
[WhiteFideId "1179730"]
[BlackFideId "1129775"]
[EventDate "2014.07.14"]

1. e4 c5 2. Nf3 d6 3. d4 cxd4 4. Nxd4 Nf6 5. Nc3 a6 6. Be3 e5 7. Nf3 h6 8. Bc4
Be7 9. O-O O-O 10. Bb3 Nc6 11. Qd3 Be6 12. Rfd1 Rc8 13. Nd2 b5 14. a4 Nb4 15.
Qe2 Bxb3 16. cxb3 Nc2 17. Rac1 Nxe3 18. Qxe3 b4 19. Ne2 Rxc1 20. Nxc1 d5 21. Nd3
dxe4 22. Nxe4 Qd5 23. Re1 Qxb3 24. Nxe5 Qxa4 25. Ng3 Qc2 26. Re2 Qc5 27. Nf5 Re8
28. Nxh6+ gxh6 29. Qg3+ Kf8 30. Qf4 Kg7 31. Qg3+ Kh7 32. Qd3+ Kh8 33. Qd2 Kg7
34. Re3 Rd8 35. Nd3 Qf5 36. Qe2 Bc5 37. Rg3+ Kh7 38. Rf3 Qe4 39. Qxe4+ Nxe4 40.
Rxf7+ Kg8 41. Rf3 Rf8 42. h4 Bd4 43. Rxf8+ Kxf8 44. Nxb4 Bxf2+ 45. Kf1 a5 46.
Nc6 a4 47. Ke2 Bxh4 48. Kd3 Nd6 49. Ne5 Kg7 50. Nd7 Bf2 51. Kc3 Kg6 52. Kb4 Bd4
53. Kxa4 Bxb2 54. Kb3 Bg7 55. Kc2 Kf5 56. Kd3 Kg4 57. Ke2 Kg3 58. Kf1 Bd4 59.
Nf8 h5 60. Ne6 Nf5 61. Ng5 h4 62. Ne4+ Kh2 63. Ng5 Ng3+ 64. Ke1 Kxg2 0-1

[Event "Najdorf Mem Open A 2014"]
[Site "Warsaw POL"]
[Date "2014.07.15"]
[Round "3.25"]
[White "Cukrowski, Filip"]
[Black "Dionisi, Thomas"]
[Result "1/2-1/2"]
[BlackTitle "FM"]
[WhiteElo "2230"]
[BlackElo "2393"]
[WhiteFideId "1171097"]
[BlackFideId "651893"]
[EventDate "2014.07.14"]

1. e4 c5 2. Nf3 Nc6 3. d4 cxd4 4. Nxd4 e5 5. Nb5 d6 6. N1c3 a6 7. Na3 b5 8. Nd5
Nge7 9. c4 Nd4 10. Bd3 Nxd5 11. cxd5 g6 12. O-O Bg7 13. Be3 O-O 14. Qd2 Bd7 15.
Rfc1 Qb6 16. Nc2 a5 17. b4 axb4 18. Qxb4 Ra4 19. Qb2 Rfa8 20. Nb4 Ra3 21. Rc3
Rxc3 22. Qxc3 f5 23. Qb2 f4 24. Bxd4 exd4 25. f3 Rc8 26. Rb1 Rc3 27. Qd2 Be5 28.
Kf1 Rc5 29. Ke2 Kg7 30. Rb3 Rc3 31. Rb1 Rc5 32. Qe1 g5 33. g4 Qd8 34. Nc6 Bxc6
35. dxc6 Qb6 36. a4 Qxc6 37. axb5 Qb6 38. Qb4 Rc3 39. Qa4 Kf6 40. Kd2 h6 41. Qb4
h5 42. h3 hxg4 43. hxg4 Qb8 44. Qa4 Qh8 45. Qd1 Ra3 46. Rb2 Qc8 47. Rc2 Rc3 48.
Rxc3 1/2-1/2

[Event "Najdorf Mem Open A 2014"]
[Site "Warsaw POL"]
[Date "2014.07.15"]
[Round "3.26"]
[White "Nurkiewicz, Maciej"]
[Black "Strugnell, Carl"]
[Result "1/2-1/2"]
[BlackTitle "FM"]
[WhiteElo "2392"]
[BlackElo "2258"]
[WhiteFideId "1107046"]
[BlackFideId "616753"]
[EventDate "2014.07.14"]

1. e4 e6 2. d4 d5 3. Nd2 Nf6 4. e5 Nfd7 5. Bd3 c5 6. c3 Nc6 7. Ne2 cxd4 8. cxd4
f6 9. exf6 Nxf6 10. O-O Bd6 11. Nf3 O-O 12. Bf4 Bxf4 13. Nxf4 Ng4 14. Qd2 Qf6
15. Ne2 Bd7 16. Rae1 Kh8 17. Bb1 Qh6 18. Qxh6 Nxh6 19. Nc1 Rxf3 20. gxf3 Nxd4
21. Re3 Rf8 22. Kg2 Nhf5 23. Bxf5 Nxf5 24. Rb3 Bc6 25. Re1 Nh4+ 26. Kg3 Nf5+ 27.
Kg2 d4 28. Rxe6 Bd5 29. Re4 Bxb3 30. axb3 Kg8 31. Nd3 Rf6 32. f4 Rg6+ 33. Kf1
Rh6 34. Re5 g6 35. Kg2 Nh4+ 36. Kg3 Nf5+ 37. Kg2 Nh4+ 38. Kg3 Nf5+ 1/2-1/2

[Event "Najdorf Mem Open A 2014"]
[Site "Warsaw POL"]
[Date "2014.07.15"]
[Round "3.27"]
[White "Jakubiec, Edyta"]
[Black "Ben Artzi, Ido"]
[Result "1-0"]
[WhiteTitle "WIM"]
[BlackTitle "FM"]
[WhiteElo "2189"]
[BlackElo "2392"]
[WhiteFideId "1114158"]
[BlackFideId "2810913"]
[EventDate "2014.07.14"]

1. e4 d6 2. d4 Nf6 3. Nc3 g6 4. g3 Bg7 5. Bg2 O-O 6. Nge2 e5 7. h3 Nc6 8. Be3
exd4 9. Nxd4 Bd7 10. O-O Re8 11. Re1 h5 12. Nxc6 bxc6 13. Qd3 Qc8 14. Kh2 Rb8
15. Rab1 c5 16. a3 a5 17. Bd2 a4 18. b3 axb3 19. cxb3 Be6 20. Qc2 Qa6 21. a4 Qb6
22. Nb5 Bd7 23. Na3 d5 24. a5 Qa7 25. exd5 Bf5 26. Qc4 Bxb1 27. Rxb1 Nd7 28. f4
h4 29. gxh4 Rb4 30. Bxb4 cxb4 31. Qxb4 Qf2 32. Rf1 Qa2 33. Nb5 Re2 34. Rg1 Rf2
35. Kh1 Nf6 36. Nc3 Qd2 37. a6 Bf8 38. Qc4 Nh5 39. Ne4 Qxf4 40. Qc1 Qxh4 41. Qe3
Ra2 42. Bf1 Bh6 43. Qf3 Bf4 44. Rg4 Qe1 45. Rxf4 Nxf4 46. Qxf4 Rxa6 47. Nf6+ Kf8
48. Nd7+ Ke8 49. Ne5 f6 50. Nxg6 Ra2 51. Kg1 Qc3 52. Bg2 Qc5+ 53. Kh1 Ra1+ 54.
Kh2 Qg1+ 55. Kg3 Ra2 56. Qe4+ Kf7 57. Nf4 Qf2+ 58. Kg4 Kf8 59. Qb4+ Ke8 60. Qb5+
Ke7 61. Qc6 Qd4 62. Qxc7+ Ke8 63. Kf5 Rf2 64. Be4 Qe3 65. Qc8+ Ke7 66. Qe6+ Kd8
67. Qxf6+ Kc8 68. Qc6+ Kd8 69. Qd6+ Kc8 70. Qf8+ Kd7 71. Qf7+ Kd8 72. Qg8+ Kd7
73. Qg4 Kd6 74. b4 Qc3 75. Qg6+ Ke7 76. Qe6+ Kf8 77. d6 Qxh3+ 78. Kg5 Qg3+ 79.
Qg4 Qe3 80. Qc8+ Kg7 81. Qd7+ Kh8 82. Qe8+ Kg7 83. Qe7+ 1-0